| 000 | 00533nam a2200181Ia 4500 | ||
|---|---|---|---|
| 008 | 090124s9999 xx 000 0 und d | ||
| 082 | _b108162 | ||
| 100 | _aनेने उमाबाई | ||
| 245 | _a रिप व्हॅन विंकल | ||
| 250 | _a1 | ||
| 260 | _c1960 | ||
| 300 | _a41 | ||
| 600 | _aनेने उमाबाई | ||
| 630 | _a रिप व्हॅन विंकल | ||
| 700 | _aनेने उमाबाई | ||
| 730 | _a रिप व्हॅन विंकल | ||
| 942 | _cBOOK | ||
| 999 |
_c154253 _d154253 |
||